[Event "Belgrade-chT"]
[Site "Belgrade"]
[Date "2014.09.27"]
[Round "8.1"]
[White "Antanaskovic, Predrag"]
[Black "Vucicevic, Moma"]
[Result "1/2-1/2"]
[WhiteElo "2125"]
[BlackElo "2287"]
[PlyCount "28"]
[EventDate "2014.09.20"]
[EventType "team-tourn"]
[EventRounds "11"]
[EventCountry "SRB"]
[SourceTitle "CBM 162 Extra"]
[Source "ChessBase"]
[SourceDate "2014.10.17"]
[SourceVersion "1"]
[SourceVersionDate "2014.10.17"]
[SourceQuality "1"]
[WhiteTeam "Belgrade PTT"]
[BlackTeam "Belgrade"]
[WhiteTeamCountry "SRB"]
[BlackTeamCountry "SRB"]

1. c4 e6 2. Nc3 d5 3. e3 Nf6 4. b3 c5 5. Nf3 Nc6 6. cxd5 exd5 7. Bb5 Bd7 8. d4 cxd4 9. exd4 Bb4 10. Bd2 0-0 11. 0-0 Bxc3 12. Bxc3 Ne4 13. Bxc6 Bxc6 14. Bb4 Re8 1/2-1/2

[Event "SRB-chT"]
[Site "Belgrade"]
[Date "2010.10.10"]
[Round "10"]
[White "Dimitrijevic, Srdjan"]
[Black "Antanaskovic, Predrag"]
[Result "1/2-1/2"]
[WhiteElo "2286"]
[BlackElo "2153"]
[PlyCount "132"]
[EventDate "2010.10.01"]
[EventType "team-tourn"]
[EventRounds "11"]
[EventCountry "YUG"]
[SourceTitle "CBM 138 Extra"]
[Source "ChessBase"]
[SourceDate "2010.10.29"]
[SourceVersion "1"]
[SourceVersionDate "2010.10.29"]
[SourceQuality "1"]

1. d4 d5 2. c4 e6 3. Nc3 Nf6 4. cxd5 exd5 5. Bg5 Be7 6. e3 h6 7. Bh4 c6 8. Bd3 b6 9. Nf3 Nbd7 10. 0-0 0-0 11. Rc1 Ne4 12. Bxe7 Qxe7 13. Nd2 f5 14. Qe2 Ndf6 15. Nf3 Nd7 16. Na4 Qd6 17. Nc3 Bb7 18. Nd2 Rae8 19. g3 Qe7 20. Rfe1 g5 21. f3 Nxd2 22. Qxd2 Qg7 23. b4 Kh8 24. Kg2 f4 25. exf4 Rxe1 26. Rxe1 gxf4 27. Ne2 fxg3 28. hxg3 Qf6 29. Qe3 Rf7 30. Nf4 Nf8 31. Rh1 Kg8 32. Rh5 Re7 33. Rxh6 Qg7 34. Ne6 Bc8 35. Bf5 Kf7 36. Nxg7 Rxe3 37. Bxc8 Kxg7 38. Rxc6 Rd3 39. Rc7+ Kf6 40. Rxa7 Rxd4 41. a3 Rd2+ 42. Kh3 Rc2 43. Bg4 Rc6 44. b5 Rd6 45. a4 d4 46. f4 d3 47. a5 d2 48. axb6 Rxb6 49. Ra6 Nd7 50. Kg2 Ke7 51. Rxb6 Nxb6 52. Kf2 Nd5 53. Ke2 d1Q+ 54. Kxd1 Ne3+ 55. Ke2 Nxg4 56. b6 Kd6 57. Kf3 Nf6 58. g4 Nd7 59. b7 Kc7 60. Ke4 Nc5+ 61. Ke5 Nxb7 62. g5 Kd7 63. Kf6 Ke8 64. Kg7 Nd6 65. g6 Ke7 66. Kh7 Ne8 1/2-1/2

[Event "Belgrade-chT"]
[Site "Belgrade"]
[Date "2009.10.09"]
[Round "6"]
[White "Stamenkovic, Aleksandar"]
[Black "Antanaskovic, Predrag"]
[Result "1-0"]
[WhiteElo "2254"]
[BlackElo "2167"]
[PlyCount "43"]
[EventDate "2009.10.04"]
[EventType "team-tourn"]
[EventRounds "9"]
[EventCountry "YUG"]
[SourceTitle "CBM 132 Extra"]
[Source "ChessBase"]
[SourceDate "2009.11.03"]
[SourceVersion "1"]
[SourceVersionDate "2009.11.03"]
[SourceQuality "1"]

1. Nf3 Nf6 2. c4 g6 3. Nc3 d5 4. cxd5 Nxd5 5. e4 Nxc3 6. bxc3 Bg7 7. d4 c5 8. Be3 0-0 9. Be2 Qa5 10. 0-0 Qxc3 11. Rc1 Qa3 12. Rxc5 Na6 13. Rc2 b6 14. Bc1 Qa5 15. Bd2 Qa3 16. Rc3 Qxa2 17. Bc4 Qb2 18. Rc2 Qa3 19. Ra2 Qd6 20. e5 Qc6 21. Bxa6 Be6 22. Qa4 1-0

[Event "Belgrade Trophy 21st"]
[Site "Obrenovac"]
[Date "2008.11.30"]
[Round "4"]
[White "Markovic, Momir"]
[Black "Antanaskovic, Predrag"]
[Result "0-1"]
[WhiteElo "1976"]
[BlackElo "2182"]
[PlyCount "42"]
[EventDate "2008.11.27"]
[EventType "swiss"]
[EventRounds "9"]
[EventCountry "YUG"]
[SourceTitle "CBM 127 Extra"]
[Source "ChessBase"]
[SourceDate "2009.01.08"]
[SourceVersion "2"]
[SourceVersionDate "2009.01.28"]
[SourceQuality "1"]

1. e4 e5 2. Nf3 Nc6 3. Bb5 a6 4. Ba4 d6 5. 0-0 b5 6. Bb3 Na5 7. c3 Nxb3 8. axb3 f5 9. d4 fxe4 10. Nxe5 Qh4 11. Nc6 Ne7 12. d5 Nxc6 13. dxc6 Be6 14. Qd4 Be7 15. Nd2 d5 16. c4 bxc4 17. bxc4 Qf6 18. Qc3 0-0 19. cxd5 Bxd5 20. Nxe4 Qxc6 21. f3 Bxe4 0-1

[Event "Belgrade-chT"]
[Site "Belgrade"]
[Date "2008.10.09"]
[Round "5"]
[White "Djerfi, Karolj"]
[Black "Antanaskovic, Predrag"]
[Result "1-0"]
[WhiteElo "2351"]
[BlackElo "2182"]
[PlyCount "89"]
[EventDate "2008.10.05"]
[EventType "team-tourn"]
[EventRounds "9"]
[EventCountry "YUG"]
[SourceTitle "CBM 126 Extra"]
[Source "ChessBase"]
[SourceDate "2008.11.05"]
[SourceVersion "1"]
[SourceVersionDate "2008.11.05"]
[SourceQuality "1"]

1. d4 Nf6 2. Nf3 g6 3. Bg5 Bg7 4. e3 d5 5. Bd3 c5 6. c3 Qb6 7. Qb3 Qxb3 8. axb3 cxd4 9. exd4 Nc6 10. b4 Nd7 11. 0-0 e5 12. Nxe5 Ncxe5 13. dxe5 Nxe5 14. Bb5+ Nc6 15. Re1+ Be6 16. Bxc6+ bxc6 17. Ra6 Kd7 18. Nd2 d4 19. Ne4 Rhc8 20. Rea1 Bc4 21. Rxa7+ Rxa7 22. Rxa7+ Ke6 23. Re7+ Kd5 24. Bf6 Bxf6 25. Nxf6+ Kd6 26. Rd7+ Ke6 27. Rxd4 Ra8 28. f3 Ra1+ 29. Kf2 Bb5 30. Nxh7 f5 31. f4 Rf1+ 32. Kg3 Re1 33. Ng5+ Ke7 34. Nf3 Re3 35. Rd2 Bc4 36. Kf2 Re4 37. g3 Bd5 38. Re2 Kd6 39. Rxe4 Bxe4 40. Nd2 Bc2 41. Ke3 c5 42. bxc5+ Kxc5 43. b4+ Kb5 44. Kd4 Bd1 45. Nc4 1-0

[Event "SRB-chT Cup"]
[Site "Zlatibor"]
[Date "2008.06.22"]
[Round "7.9"]
[White "Antanaskovic, Predrag"]
[Black "Stankovic, Milos"]
[Result "1/2-1/2"]
[WhiteElo "2186"]
[BlackElo "2156"]
[PlyCount "27"]
[EventDate "2008.06.16"]
[EventType "team"]
[EventRounds "9"]
[EventCountry "YUG"]
[SourceTitle "CBM 125 Extra"]
[Source "ChessBase"]
[SourceDate "2008.09.01"]
[SourceVersion "1"]
[SourceVersionDate "2008.09.01"]
[SourceQuality "1"]

1. Nf3 Nf6 2. c4 c5 3. Nc3 Nc6 4. d4 cxd4 5. Nxd4 g6 6. e4 d6 7. Be2 Bg7 8. Be3 0-0 9. 0-0 a5 10. Rc1 Nd7 11. Ndb5 Nc5 12. f3 Be6 13. Qd2 a4 14. Nd5 1/2-1/2

[Event "Veliko Gradiste Silver Lake op"]
[Site "Veliko Gradiste"]
[Date "2006.07.31"]
[Round "3"]
[White "Nestorovic, Nikola"]
[Black "Antanaskovic, Predrag"]
[Result "1-0"]
[WhiteElo "2353"]
[BlackElo "2219"]
[PlyCount "125"]
[EventDate "2006.07.29"]
[EventType "swiss"]
[EventRounds "9"]
[EventCountry "SRB"]
[SourceTitle "EXT 2024"]
[Source "ChessBase"]
[SourceDate "2023.10.10"]
[SourceVersion "1"]
[SourceVersionDate "2023.10.10"]
[SourceQuality "1"]

1. e4 c6 2. d4 d5 3. e5 Bf5 4. Nf3 e6 5. Be2 c5 6. a3 Nc6 7. 0-0 Qb6 8. dxc5 Bxc5 9. b4 Bd4 10. c3 Bxb1 11. Rxb1 Bxc3 12. Qd3 d4 13. b5 Nce7 14. Ng5 Ng6 15. Ne4 Nxe5 16. Qg3 Ng6 17. Nxc3 dxc3 18. Qxc3 Nf6 19. Bf3 Nh4 20. Be3 Nxf3+ 21. gxf3 Qd8 22. Rfd1 Nd5 23. Qxg7 Qf6 24. Qxf6 Nxf6 25. Rbc1 Nd5 26. Bxa7 Kd7 27. Bc5 Ra5 28. Rb1 Rc8 29. Bb4 Rxb5 30. Rd4 Rc3 31. Bxc3 Rxb1+ 32. Kg2 Kc6 33. Bb4 f5 34. Rh4 h5 35. Bd2 Ra1 36. a4 Ra2 37. Bg5 e5 38. Rxh5 f4 39. Bh4 Kd6 40. Rh7 Kc6 41. Rh6+ Kc5 42. Re6 Kd4 43. Bf6 Ne3+ 44. Kh3 Nc4 45. Kg4 Rxa4 46. h4 Kd5 47. Re7 Ra6 48. Kg5 b5 49. h5 Ra1 50. h6 Rg1+ 51. Kh5 Kd6 52. h7 Rh1+ 53. Bh4 Rxh4+ 54. Kxh4 Kxe7 55. h8Q Kd6 56. Qf8+ Kc6 57. Kg5 Nd6 58. Kf6 Kd5 59. Qd8 Kc6 60. Ke6 Nc4 61. Qc8+ Kb6 62. Kd5 Nb2 63. Qc5+ 1-0

[Event "Belgrade tt Cup"]
[Site "Belgrade"]
[Date "2005.04.07"]
[Round "3"]
[White "Antanaskovic, Predrag"]
[Black "Cobic, Vladimir"]
[Result "0-1"]
[WhiteElo "2190"]
[BlackElo "2336"]
[PlyCount "106"]
[EventDate "2005.04.05"]
[EventType "team-tourn"]
[EventRounds "5"]
[EventCountry "YUG"]
[SourceTitle "CBM 105 Extra"]
[Source "ChessBase"]
[SourceDate "2005.05.01"]
[SourceVersion "1"]
[SourceVersionDate "2005.05.01"]
[SourceQuality "1"]

1. d4 d5 2. Nf3 Nc6 3. h3 Bf5 4. c3 Qd6 5. Qa4 Bd7 6. Qb3 0-0-0 7. g3 e5 8. dxe5 Nxe5 9. Nxe5 Qxe5 10. Bg2 Nf6 11. Bf4 Qe8 12. a4 Bc6 13. Nd2 d4 14. Bxc6 Qxc6 15. 0-0 dxc3 16. Nf3 cxb2 17. Qxb2 Bd6 18. Rfc1 Qb6 19. Qc2 Bxf4 20. Qf5+ Kb8 21. Qxf4 Rhe8 22. e3 Nd5 23. Qg4 Qg6 24. Qc4 Qe4 25. Qe2 f6 26. a5 g5 27. Kh2 g4 28. hxg4 Qxg4 29. Rc4 Re4 30. Rxe4 Qxe4 31. Nh4 a6 32. Rd1 Re8 33. Qh5 c6 34. Rd4 Qe5 35. Qxh7 Qc7 36. Qg6 Rh8 37. Kg2 Qxa5 38. e4 Qc3 39. Rd1 Qc2 40. Re1 Qc3 41. Nf3 Nb6 42. Rd1 Rc8 43. Rd6 a5 44. Rxf6 a4 45. Rf7 Nc4 46. e5 a3 47. Qg7 Qb2 48. Rf8 a2 49. Rxc8+ Kxc8 50. Qg8+ Kc7 51. Qxc4 a1Q 52. g4 Qaa2 53. Qc5 Qaa3 0-1

[Event "Belgrade tt Cup"]
[Site "Belgrade"]
[Date "2005.04.05"]
[Round "1"]
[White "Zmijanac, Dusko"]
[Black "Antanaskovic, Predrag"]
[Result "1/2-1/2"]
[WhiteElo "2265"]
[BlackElo "2190"]
[PlyCount "106"]
[EventDate "2005.04.05"]
[EventType "team-tourn"]
[EventRounds "5"]
[EventCountry "YUG"]
[SourceTitle "CBM 105 Extra"]
[Source "ChessBase"]
[SourceDate "2005.05.01"]
[SourceVersion "1"]
[SourceVersionDate "2005.05.01"]
[SourceQuality "1"]

1. d4 Nf6 2. Bg5 Ne4 3. Bf4 d5 4. e3 c5 5. Nd2 Nxd2 6. Qxd2 cxd4 7. exd4 Nc6 8. c3 Bg4 9. Bd3 e6 10. Ne2 Bh5 11. 0-0 Bg6 12. Rfe1 Bxd3 13. Qxd3 Be7 14. Qg3 0-0 15. Rad1 b5 16. a3 a5 17. b4 axb4 18. axb4 Ra3 19. Rd3 Bh4 20. Qh3 Bg5 21. Re3 Bh4 22. Rf3 Re8 23. g3 Bf6 24. Qg4 e5 25. dxe5 Bxe5 26. Rd1 Bf6 27. Rfd3 d4 28. Qf3 Qa8 29. Nxd4 Nxd4 30. Qxa8 Ne2+ 31. Kf1 Raxa8 32. Bd2 Rac8 33. Re1 Nxc3 34. Rxe8+ Rxe8 35. Bxc3 Rd8 36. Re3 Kf8 37. Bxf6 gxf6 38. Re4 Rd2 39. Ke1 Rb2 40. Rf4 Kg7 41. Kd1 Kg6 42. h4 h5 43. Ke1 f5 44. Kf1 Kf6 45. Kg2 Rb3 46. Kf1 Ke5 47. Ke2 Rc3 48. Kd2 Rc6 49. Kd3 Rd6+ 50. Kc3 Rd1 51. Rf3 Rb1 52. Rd3 f4 53. gxf4+ Kxf4 1/2-1/2

[Event "Belgrade op"]
[Site "Belgrade"]
[Date "1989.??.??"]
[Round "7"]
[White "Azaric, Slavko"]
[Black "Antanaskovic, Predrag"]
[Result "1-0"]
[WhiteElo "2345"]
[BlackElo "2310"]
[PlyCount "67"]
[EventDate "1989.11.??"]
[EventType "swiss"]
[EventRounds "9"]
[EventCountry "YUG"]
[SourceTitle "EXT 1997"]
[Source "ChessBase"]
[SourceDate "1996.11.15"]
[SourceVersion "1"]
[SourceVersionDate "1996.11.15"]
[SourceQuality "1"]

1. e4 c5 2. Nf3 Nc6 3. d4 cxd4 4. Nxd4 Nf6 5. Nc3 e5 6. Ndb5 d6 7. Bg5 a6 8. Na3 b5 9. Bxf6 gxf6 10. Nd5 Be6 11. c3 Bg7 12. Nc2 f5 13. exf5 Bxf5 14. Nce3 Be6 15. a4 Rb8 16. axb5 axb5 17. Ra6 Qc8 18. Bd3 Kf8 19. Qa1 Bh6 20. Nb6 Qd8 21. Ned5 Rg8 22. g3 Ne7 23. Nxe7 Qxe7 24. Be4 Qc7 25. Nd5 Qc4 26. Nf6 Kg7 27. Rc6 Qb3 28. Nxg8 Kxg8 29. 0-0 d5 30. Rxe6 fxe6 31. Qa7 dxe4 32. Qxb8+ Kf7 33. Qxe5 Qxb2 34. Rd1 1-0

[Event "Belgrade op"]
[Site "Belgrade"]
[Date "1989.??.??"]
[Round "2"]
[White "Lazic, Ljubisa V"]
[Black "Antanaskovic, Predrag"]
[Result "1/2-1/2"]
[WhiteElo "2245"]
[BlackElo "2310"]
[PlyCount "184"]
[EventDate "1989.11.??"]
[EventType "swiss"]
[EventRounds "9"]
[EventCountry "YUG"]
[SourceTitle "EXT 1997"]
[Source "ChessBase"]
[SourceDate "1996.11.15"]
[SourceVersion "1"]
[SourceVersionDate "1996.11.15"]
[SourceQuality "1"]

1. d4 Nf6 2. Nf3 g6 3. Bg5 Ne4 4. Bf4 Bg7 5. Nbd2 d5 6. e3 c5 7. c3 Bg4 8. Bxb8 Qxb8 9. Bb5+ Kf8 10. Be2 Nxd2 11. Nxd2 Bxe2 12. Qxe2 cxd4 13. cxd4 e5 14. dxe5 Qxe5 15. 0-0 Bf6 16. Nf3 Qe6 17. Qb5 Kg7 18. Rfd1 Rhd8 19. Rac1 Rd7 20. b3 Rad8 21. Nd4 Qd6 22. h3 Rc7 23. Rxc7 Qxc7 24. Qa4 a6 25. Qb4 Be7 26. Qd2 Bf6 27. Rc1 Qb6 28. Nf3 d4 29. e4 Qe6 30. Qd3 Be5 31. Rc5 f6 32. Nd2 Rc8 33. Qc4 Qxc4 34. Rxc4 Rxc4 35. Nxc4 Kf7 36. Kf1 b5 37. Nb2 Ke6 38. Ke2 Kd6 39. Nd3 Kc6 40. Nb4+ Kd7 41. Kd3 Bd6 42. Nd5 Ke6 43. Kxd4 f5 44. exf5+ Kxf5 45. Ne3+ Ke6 46. Ke4 Be7 47. Nd5 Bd6 48. f4 h5 49. g4 hxg4 50. hxg4 Kf7 51. Ne3 a5 52. Nc2 Ke7 53. f5 gxf5+ 54. gxf5 Kf6 55. Kd5 Be7 56. Kc6 Kxf5 57. Kxb5 Ke4 58. Kxa5 Bd8+ 59. Ka4 Kd3 60. Nb4+ Kc3 61. Nc6 Bg5 62. a3 Bc1 63. Na5 Bb2 64. b4 Bc1 65. Nb3 Bg5 66. Nc5 Bc1 67. Na6 Kc4 68. Nc7 Bf4 69. Ne6 Bc1 70. Nc5 Kc3 71. Nb7 Bb2 72. Nd6 Bc1 73. Nb5+ Kc4 74. Ka5 Bd2 75. Nd6+ Kb3 76. Kb5 Be1 77. Nc4 Bc3 78. Kc5 Be1 79. b5 Bf2+ 80. Kd5 Bg1 81. Ne5 Kxa3 82. Nd3 Ka4 83. Kc6 Ka5 84. Nc5 Kb4 85. Nd7 Ka5 86. Nf6 Bd4 87. Ne4 Bg1 88. Nd2 Kb4 89. Nf3 Bf2 90. Ne5 Bg1 91. Nd7 Bf2 92. Nb8 Bg1 1/2-1/2

[Event "Belgrade op"]
[Site "Belgrade"]
[Date "1989.??.??"]
[Round "4"]
[White "Milanovic, Vojislav"]
[Black "Antanaskovic, Predrag"]
[Result "1/2-1/2"]
[WhiteElo "2230"]
[BlackElo "2310"]
[PlyCount "198"]
[EventDate "1989.11.??"]
[EventType "swiss"]
[EventRounds "9"]
[EventCountry "YUG"]
[SourceTitle "EXT 1997"]
[Source "ChessBase"]
[SourceDate "1996.11.15"]
[SourceVersion "1"]
[SourceVersionDate "1996.11.15"]
[SourceQuality "1"]

1. d4 Nf6 2. Nf3 g6 3. c4 Bg7 4. Nc3 d5 5. Bg5 Ne4 6. cxd5 Nxg5 7. Nxg5 e6 8. Qd2 h6 9. Nf3 exd5 10. e3 Be6 11. Be2 Nd7 12. 0-0 c6 13. b4 0-0 14. Na4 Qe7 15. Rac1 Rfc8 16. b5 Qa3 17. bxc6 bxc6 18. Nc5 Nxc5 19. Rxc5 Bf8 20. Ra5 Qb4 21. Qxb4 Bxb4 22. Ra6 c5 23. a3 Bc3 24. dxc5 Rxc5 25. Nd4 Bc8 26. Rd6 Bxd4 27. exd4 Rc3 28. Rxd5 Rxa3 29. Rd8+ Kg7 30. Bf3 Rb8 31. Rc1 Rc3 32. Re1 Rb6 33. h4 Bb7 34. d5 a5 35. Re7 Ba6 36. d6 Rd3 37. d7 Bb5 38. Be2 Rdd6 39. Bg4 Rd4 40. Rde8 Rbd6 41. Be6 Rxe6 42. Rxe6 Rxd7 43. Re1 Ra7 44. R8e7 Ra8 45. Rc1 a4 46. Rcc7 Rf8 47. Ra7 h5 48. f3 Bc4 49. Rxa4 Bb3 50. Rae4 Ra8 51. Kf2 Ra1 52. Re1 Ra2+ 53. R1e2 Ra4 54. R7e4 Ra1 55. Kg3 Kf6 56. Kf4 Bd5 57. Rd4 Be6 58. Red2 Ra3 59. Rb2 Ra1 60. Rf2 Rh1 61. g3 Ra1 62. Rfd2 Ra3 63. Rh2 Ra5 64. g4 hxg4 65. fxg4 Ra3 66. Rb4 Rc3 67. Rd2 Rh3 68. g5+ Kg7 69. Ke5 Re3+ 70. Kd6 Rc3 71. Rdd4 Rc8 72. Ke5 Rc5+ 73. Kf4 Rc3 74. Ke5 Rc5+ 75. Kd6 Rc8 76. Re4 Rd8+ 77. Ke5 Rd5+ 78. Kf4 Rc5 79. Ke3 Rc3+ 80. Kd2 Rc7 81. Ra4 Rd7+ 82. Ke3 Rc7 83. Ra6 Rc3+ 84. Kf4 Rc7 85. Rd6 Rc8 86. Rexe6 fxe6 87. Rd7+ Kg8 88. Ke5 Rf8 89. Rd4 Kg7 90. Rd7+ Kg8 91. Rd6 Rf5+ 92. Kxe6 Rf4 93. Rd7 Rxh4 94. Kf6 Ra4 95. Rg7+ Kh8 96. Rxg6 Ra6+ 97. Kf5 Ra5+ 98. Kg4 Kh7 99. Rb6 Ra1 1/2-1/2